El Pucherazo electoral en México /
En el presente artículo se analizan las elecciones presidenciales de 2006 en México, donde se enfrentaron Felipe Calderón y Andrés Manuel López Obrador; así, se repasan y muestran todos los eventos fraudulentos que se dieron en dicho proceso electoral. Lo cual revivió el fraude de 1988 con Cuauhtémo...
Zapisane w:
| 1. autor: | |
|---|---|
| Format: | Texto |
| Hasła przedmiotowe: | |
| Etykiety: |
Dodaj etykietę
Nie ma etykietki, Dołącz pierwszą etykiete!
|
MARC
| LEADER | 00000 a a2200000 04500 | ||
|---|---|---|---|
| 001 | 10094 | ||
| 003 | |||
| 040 | |||
| 100 | |a Giordano, Al | ||
| 245 | |a El Pucherazo electoral en México / |c Al Giordano | ||
| 520 | |a En el presente artículo se analizan las elecciones presidenciales de 2006 en México, donde se enfrentaron Felipe Calderón y Andrés Manuel López Obrador; así, se repasan y muestran todos los eventos fraudulentos que se dieron en dicho proceso electoral. Lo cual revivió el fraude de 1988 con Cuauhtémoc Cárdenas. Finalmente se resalta un balance general de lo acontecido. | ||
| 590 | |a SJB/NOVIEMBRE2012 | ||
| 650 | |a CORRUPCION POLITICA | ||
| 650 | |a ELECCIONES | ||
| 650 | |a PRESIDENCIA | ||
| 650 | |a MOVILIZACION SOCIAL | ||
| 650 | |a PODER ECONOMICO | ||
| 650 | |a PODER POLITICO | ||
| 650 | |a IZQUIERDA | ||
| 650 | |a DEMOCRACIA | ||
| 650 | |a MEXICO | ||
| 773 | |g número 41; páginas 5-26 | ||
| 999 | |c 39412 |d 39412 | ||
